Chi l'ha scritto? #3 - Statistics

Statistiche generali
  • Questo quiz è stato fatto 54 volte
  • Il punteggio medio è 4 su 10
Statistiche sulle risposte
Hint Risposta % Corretto
Il barone rampante Italo Calvino
92%
It Stephen King
75%
Il Gattopardo Giuseppe Tomasi di Lampedusa
71%
Ragione e Sentimento Jane Austen
63%
Moby Dick Herman Melville
56%
Zanna Bianca Jack London
35%
Germinale Émile Zola
23%
Peter Pan James Matthew Barrie
17%
Il segreto del bosco vecchio Dino Buzzati
6%
Gioie d'occasione Sibilla Aleramo
4%
Nessun quiz corrispondente trovato
Distribuzione punteggi
Percentuale di utenti per punteggio
Percentile per numero di risposta
I tuoi punteggi nel tempo
Non hai fatto questo quiz